Normal view MARC view

Entry Nombre personal

Number of records used in: 1

001 - NÚMERO DE CONTROL

  • campo de control: 1154

003 - IDENTIFICADOR DE NÚMERO DE CONTROL

  • campo de control: DLC

005 - FECHA Y HORA DE LA ÚLTIMA TRANSACCIÓN

  • campo de control: 20260430153316.0

008 - ELEMENTOS DE DATO DE LONGITUD-FIJA

  • campo de control de longitud fija: 220406n| azannaabn |n aaa c

010 ## - NÚMERO DE CONTROL DE LA BIBLIOTECA DEL CONGRESO

  • Número de control de LC: ns2022000500

035 ## - NÚMERO DE CONTROL DEL SISTEMA

  • Número de control de sistema: (CaEvSKY)skya12794041

040 ## - FUENTE DE CATALOGACIÓN

  • Centro catalogador/agencia de origen: MX-MxITA
  • Lengua de catalogación: eng
  • Normas de descripción: rda
  • Centro/agencia transcriptor: MX-MxITA

100 1# - ENCABEZAMIENTO-NOMBRE DE PERSONA

  • Nombre de persona: Kalenuik, Ron

375 ## - GÉNERO/SEXO

  • Género: Males
  • Fuente del término: lcdgt

377 ## - IDIOMA ASOCIADO

  • Código del idioma: eng

670 ## - FUENTE DE DATOS ENCONTRADOS

  • Cita de la fuente: Recetas internacionales familiares favoritas, 1990?:
  • Información encontrada: title page (Ron Kalenuik)